000 01557nam a2200433 a 4500
001 59004
003 BD-RjUL
005 20211209080701.0
008 161220s2005 enk ||| bt ||| | eng d
020 _a9793361689
035 _a(BD-RjUL)59128
040 _aericd
_beng
_cericd
_dBD-RjUL
041 _aeng
082 _223
_a333.7509599
_bLEA 2005
091 _amfm
245 1 0 _aLearning to Adapt :
_bmanaging forests together in Indonesia /
_cTrikurnianti Kusumanto; et al
260 _a[Washington, D.C.] :
_bDistributed by ERIC Clearinghouse,
_cc2205
300 _a191 p. ;
_c24 cm.
650 1 7 _aAcademic Achievement.
_2ericd
_9175466
650 1 7 _aAdjustment (to Environment)
_2ericd
_9175467
650 0 7 _aAdolescents.
_2ericd
_9175468
650 0 7 _aEducational Anthropology.
_2ericd
_9175469
650 0 7 _aEducational Research.
_2ericd
_9175470
650 0 7 _aHigh School Students.
_2ericd
_9175471
650 0 7 _aHigh Schools.
_2ericd
_9175472
650 1 7 _aMexican Americans.
_2ericd
_9175473
650 0 7 _aPoverty.
_2ericd
_9174067
650 0 7 _aSocial Behavior.
_2ericd
_9173074
650 0 7 _aSocialization.
_2ericd
_9170550
650 1 7 _aSocioeconomic Status.
_2ericd
_9175474
650 0 7 _aStudent Attitudes.
_2ericd
_9175475
650 0 7 _aStudent Behavior.
_2ericd
_9175476
650 1 7 _aStudent Subcultures.
_2ericd
_9175477
650 1 7 _aWhites.
_2ericd
_9175478
655 7 _aReports, Research.
_2ericd
_9175479
655 7 _aSpeeches/Meeting Papers.
_2ericd
_9175480
700 _aKusumanto, Trikurnianti ; et al
_9175481
942 _2ddc
_cBK
999 _c59004
_d59004